Statystyki dla Największe państwa świata A-Z

Kliknij tutaj aby rozwiązać quiz!

Ogólne statystyki

  • Ten quiz został rozwiązany 206 razy
    (204 od ostatniego zresetowania)
  • Średni wynik to 18 z 24

Statystyki odpowiedzi

LiteraPaństwoPowierzchnia% Poprawnych
RRosja17 075 400 km²
97%
CChiny9 596 960 km²
96%
BBrazylia8 511 965 km²
94%
KKanada9 976 140 km²
91%
SStany Zjednoczone9 373 967 km²
91%
ŁŁotwa64 589 km²
90%
AAustralia7 686 850 km²
89%
OOman309 500 km²
89%
FFrancja675 417 km²
86%
IIndie3 287 590 km²
86%
ZZambia752 614 km²
73%
VVanuatu12 189 km²
72%
MMeksyk1 972 550 km²
68%
PPeru1 285 220 km²
68%
D
Demokratyczna Republika Konga2 344 858 km²
67%
NNiger1 267 000 km²
64%
JJemen527 968 km²
62%
EEtiopia1 127 127 km²
61%
HHiszpania504 645 km²
61%
UUkraina603 700 km²
60%
WWenezuela916 445 km²
56%
LLibia1 759 540 km²
55%
GGabon267 667 km²
41%
TTanzania945 087 km²
38%

Rozkład punktacji

Percentyl według liczby udzielonych odpowiedzi

Procent ludzi z każdym wynikiem

Twoja historia wyników

Nie rozwiązałeś tego quizu od ostatniego zresetowania